Engineering Mechanics Applied Mechanics (Record no. 12579)

MARC details
000 -LEADER
fixed length control field 00388nam a22001697a 4500
003 - CONTROL NUMBER IDENTIFIER
control field OSt
008 - FIXED-LENGTH DATA ELEMENTS--GENERAL INFORMATION
fixed length control field 240429b |||||||| |||| 00| 0 eng d
020 ## - INTERNATIONAL STANDARD BOOK NUMBER
International Standard Book Number 9789353505240
082 ## - DEWEY DECIMAL CLASSIFICATION NUMBER
Classification number 620.1 GUE
100 ## - MAIN ENTRY--PERSONAL NAME
Personal name GUPTA,JK
245 ## - TITLE STATEMENT
Title Engineering Mechanics Applied Mechanics
250 ## - EDITION STATEMENT
Edition statement 2nd Ed
260 ## - PUBLICATION, DISTRIBUTION, ETC. (IMPRINT)
Place of publication, distribution, etc New Delhi
Name of publisher, distributor, etc Cengage
300 ## - PHYSICAL DESCRIPTION
Extent 702
700 ## - ADDED ENTRY--PERSONAL NAME
Personal name GUPTA,SK
942 ## - ADDED ENTRY ELEMENTS (KOHA)
Source of classification or shelving scheme Dewey Decimal Classification
Koha item type Text Books
Holdings
Withdrawn status Lost status Source of classification or shelving scheme Damaged status Not for loan Collection code Home library Current library Date acquired Source of acquisition Currency Cost, normal purchase price Bill Number Total Checkouts Full call number Acc. no. / Barcode Date last seen Actual Cost, discounted price Bill Date Koha item type
    Dewey Decimal Classification     B.Tech(CE) PIET C-LIBRARY PIET C-LIBRARY 23/03/2024 Zafaa Books and Distributors In rupees 650.00 ZBD0469   620.1 GUE 36847 29/04/2024 468.00 23/03/2024 Reference Books
    Dewey Decimal Classification     B.Tech(CE) PIET C-LIBRARY PIET C-LIBRARY 23/03/2024 Zafaa Books and Distributors In rupees 650.00 ZBD0469   620.1 GUE 36848 29/04/2024 468.00 23/03/2024 Text Books
    Dewey Decimal Classification     B.Tech(CE) PIET C-LIBRARY PIET C-LIBRARY 23/03/2024 Zafaa Books and Distributors In rupees 650.00 ZBD0469   620.1 GUE 36849 29/04/2024 468.00 23/03/2024 Text Books
    Dewey Decimal Classification     B.Tech(CE) PIET C-LIBRARY PIET C-LIBRARY 23/03/2024 Zafaa Books and Distributors In rupees 650.00 ZBD0469   620.1 GUE 36850 29/04/2024 468.00 23/03/2024 Text Books
    Dewey Decimal Classification     B.Tech(CE) PIET C-LIBRARY PIET C-LIBRARY 23/03/2024 Zafaa Books and Distributors In rupees 650.00 ZBD0469   620.1 GUE 36851 29/04/2024 468.00 23/03/2024 Text Books

Design & Developed by: PIET Central Library
R70 Miles Stone Pattikalyana Samalkha Panipat 132102
mail ID :- [email protected], Phone No:- 0180-2569700 Ex.216